000 00263nam a22001217a 4500
008 170830b xxu||||| |||| 00| 0 eng d
041 _aeng
080 _23RD
_a621.397.13
100 _a40
101 _aMED
245 _aPOWER PRODUCER
_cSMITH,D
942 _2udc
_cBK
999 _c25583
_d25583